APEC Schools

O level classified mathematics / (Record no. 7384)

000 -LEADER
fixed length control field nam a22 7a 4500
005 - DATE AND TIME OF LATEST TRANSACTION
control field 20190528011836.0
008 - FIXED-LENGTH DATA ELEMENTS--GENERAL INFORMATION
fixed length control field 190528b xxu||||| |||| 00| 0 eng d
020 ## - IDENTIFIER FOR THE MANIFESTATION
Identifier for the Manifestation 9789812745798
040 ## - CATALOGING SOURCE
Language of Cataloging eng
Transcribing Agency APEC Schools Library
Description Conventions rda
082 ## - DEWEY DECIMAL CLASSIFICATION NUMBER
Classification number C 510
Author's Number Ee26o 2009
100 ## - CREATOR
Preferred Name of the Person Ee Teck Ee
245 ## - TITLE AND STATEMENT OF RESPONSIBILITY
Preferred Title Proper O level classified mathematics /
Statement of Responsibility/Parallel Statement of Responsibility Ee Teck Ee
264 ## - PUBLICATION STATEMENT
Place of publication, distribution, etc Singapore :
Publisher's Name/Parallel Publisher's Name Singapore Asian Publication,
Copyright ©2009.
300 ## - PHYSICAL DESCRIPTION
Extent x, 34 pages ;
Dimensions 26 cm
336 ## - RDA CONTENT
Source rdacontent
Content Type text
337 ## - RDA MEDIA
Source rdamedia
Media Type unmediated
338 ## - RDA CARRIER
Source rdacarrier
Carrier Type volume
942 ## - ADDED ENTRY ELEMENTS (KOHA)
Source of Classification
Koha Item Type Non Fiction
Holdings
Library Site Location Shelving Location Source of Acquisition Full Classification Number Accession Number Koha Item Type
APEC Grace Park West Library APEC Grace Park West Library Circulation Institutional Fund C 510 Ee26o 2009 A09-0000298 Non Fiction

Powered by Koha